| Registos Bibliográficos associados ao registo de autoridade |
|
Etiqueta de registo: 00805cam 22003013 450 001 623238 003 http://id.bnportugal.gov.pt/bib/catbnp/623238 005 19990105000000.0 010 ## $a972-8310-11-0 021 ## $aPT$b100634/96 095 ## $aPTBN00834674 100 ## $a19961011d1996 m y0pory0103 ba 101 1# $apor$cfre 102 ## $aPT 105 ## $ay z 000yy 106 ## $ar 200 1# $a A amizade$fAbel Bonnard$gtrad. Cristiana Kopke 205 ## $a1ª ed 210 #9 $aLisboa$cHugin,$d1996 215 ## $a118 p.$d18 cm 225 2# $aDissidências$v1 675 ## $a177$vBN$zpor$3291685 700 #1 $aBonnard,$bAbel,$f1883-1968$335513 702 #1 $aKopke,$bCristiana,$f1953-2026$4730$3230413 801 #0 $aPT$bBN$gRPC 966 ## $c2$lBN$mFGMON$sS.A. 38136 P.$x1 966 ## $c2$lBN$mFGMON$sS.A. 38136 P.$x1
|
|
|